Instrucció pública : 1914 a 1918 / Mancomunitat de Catalunya 1914 a 1918 / Mancomunitat de Catalunya
Publicado:
[s.l., s.n :
1918
Descripción Física:
[264] p. en paginacions diverses ; 21'5 cm
MARC
| LEADER | 00000nam a2200000Ia 4500 | ||
|---|---|---|---|
| 001 | 1091 | ||
| 008 | 160829s1918?] xx 000 0 cat d | ||
| 110 | 2 | |a Catalunya. |b Mancomunitat |9 53015 | |
| 610 | 2 | 0 | |a Catalunya. |b Mancomunitat |9 53015 |
| 856 | 4 | |u https://media.diba.cat/diba/fitxers/arxiu/mancomunitat/bib_1091_1918_web.pdf |y Accés lliure | |
| 952 | |0 0 |1 0 |4 0 |6 E1169 |7 1 |9 41542 |a Arxiu |b Arxiu |d 2016-12-01 |l 0 |o E-1-169 |p 1091 |r 2016-12-01 00:00:00 |w 2016-12-01 |y ARXIU | ||
| 999 | |c 43432 |d 43432 | ||
| 080 | |a E-1-169 | ||
| 245 | |a Instrucció pública : |b 1914 a 1918 / Mancomunitat de Catalunya | ||
| 260 | |a [s.l., s.n., |c 1918?] | ||
| 300 | |a [264] p. en paginacions diverses ; |c 21'5 cm | ||
| 590 | |a Volum que conté les diferents disposicions publicades per la Mancomunitat durant els anys 1914-1918, referents a cultura. | ||
| 650 | |a Catalunya |x Política cultural |x 1914/1918 |9 20450 | ||
| 901 | |a Arxiu | ||
| 942 | |n 1 |2 udc | ||